NLSUI OPAC header image

Commentary on the UN Convention on the International Sale of Goods (CISG) / (Record no. 26360)

MARC details
000 -LEADER
fixed length control field 02721cam a22004814a 4500
001 - CONTROL NUMBER
control field 16197065
003 - CONTROL NUMBER IDENTIFIER
control field OSt
005 - DATE AND TIME OF LATEST TRANSACTION
control field 20201112122144.0
008 - FIXED-LENGTH DATA ELEMENTS--GENERAL INFORMATION
fixed length control field 100421s2010 enk b 001 0 eng c
010 ## - LIBRARY OF CONGRESS CONTROL NUMBER
LC control number 2010288696
015 ## - NATIONAL BIBLIOGRAPHY NUMBER
National bibliography number GBA994119
Source bnb
016 7# - NATIONAL BIBLIOGRAPHIC AGENCY CONTROL NUMBER
Record control number 015380209
Source Uk
020 ## - INTERNATIONAL STANDARD BOOK NUMBER
International Standard Book Number 9780199568970 (hbk.)
020 ## - INTERNATIONAL STANDARD BOOK NUMBER
International Standard Book Number 0199568979 (hbk.)
035 ## - SYSTEM CONTROL NUMBER
System control number (OCoLC)ocn444383815
040 ## - CATALOGING SOURCE
Original cataloging agency UKM
Transcribing agency UKM
Modifying agency BWX
-- ILI
-- YDXCP
-- NLGGC
-- DLC
041 1# - LANGUAGE CODE
Language code of text/sound track or separate title eng
Language code of original ger
042 ## - AUTHENTICATION CODE
Authentication code pcc
050 00 - LIBRARY OF CONGRESS CALL NUMBER
Classification number K1028.3198
Item number .K6613 2010
084 ## - OTHER CLASSIFICATION NUMBER
Classification number 86.27
Number source bcl
084 ## - OTHER CLASSIFICATION NUMBER
Classification number 86.26
Number source bcl
130 0# - MAIN ENTRY--UNIFORM TITLE
Uniform title Kommentar zum einheitlichen UN-Kaufrecht, CISG.
Language of a work English.
245 10 - TITLE STATEMENT
Title Commentary on the UN Convention on the International Sale of Goods (CISG) /
Statement of responsibility, etc. editor, Ingeborg Schwenzer.
246 30 - VARYING FORM OF TITLE
Title proper/short title CISG
250 ## - EDITION STATEMENT
Edition statement 3rd ed.
260 ## - PUBLICATION, DISTRIBUTION, ETC.
Place of publication, distribution, etc. Oxford :
Name of publisher, distributor, etc. Oxford University Press,
Date of publication, distribution, etc. 2010.
300 ## - PHYSICAL DESCRIPTION
Extent xcvi, 1480 p. ;
Dimensions 25 cm.
500 ## - GENERAL NOTE
General note At head of title: Schlechtriem & Schwenzer.
504 ## - BIBLIOGRAPHY, ETC. NOTE
Bibliography, etc. note Includes bibliographical references (p. 1352-1438) and index.
505 ## - FORMATTED CONTENTS NOTE
Formatted contents note Contents<br/>Preliminary Material<br/>Preface<br/>Contents—Summary<br/>Contents<br/>List of Contributors<br/>Abbreviations<br/>List of Cases<br/>Main Text<br/>United Nations Convention on Contracts for the International Sale of Goods (1980)—Full Text<br/>Preliminary Material<br/>Introduction<br/>Preamble<br/>Part I Sphere of Application and General Provisions<br/>Part II Formation of the Contract<br/>Part III Sale of Goods<br/>Part IV Final Provisions<br/>United Nations Convention on the Limitation Period in the International Sale of Goods (1974)—Full Text<br/>Preliminary Material<br/>Commentary on the United Nations Convention on the Limitation Period in the International Sale of Goods<br/>Further Material<br/>Appendix I Status of the United Nations Convention on Contracts for the International Sale of Goods<br/>Appendix II Status of the United Nations Convention on the Limitation Period in the International Sale of Goods<br/>Appendix III Documents<br/>Appendix IV Concordance Table of Hague Uniform Sales Laws Provisions (ULF/ULIS) and CISG<br/>Appendix V INCOTERMS 2000<br/>Appendix VI UNIDROIT Principles of International Commercial Contracts 2004<br/>Bibliography<br/>Index<br/>
546 ## - LANGUAGE NOTE
Language note Translated from the German.
650 #0 - SUBJECT ADDED ENTRY--TOPICAL TERM
Topical term or geographic name entry element Export sales contracts.
650 #0 - SUBJECT ADDED ENTRY--TOPICAL TERM
Topical term or geographic name entry element Foreign trade regulation.
650 #0 - SUBJECT ADDED ENTRY--TOPICAL TERM
Topical term or geographic name entry element Commercial law.
650 17 - SUBJECT ADDED ENTRY--TOPICAL TERM
Topical term or geographic name entry element Verdrag der Verenigde Naties inzake internationale koopovereenkomsten.
Source of heading or term gtt
650 17 - SUBJECT ADDED ENTRY--TOPICAL TERM
Topical term or geographic name entry element Handelskoop.
Source of heading or term gtt
650 17 - SUBJECT ADDED ENTRY--TOPICAL TERM
Topical term or geographic name entry element Internationaal handelsrecht.
Source of heading or term gtt
700 1# - ADDED ENTRY--PERSONAL NAME
Personal name Schwenzer, Ingeborg H.
700 1# - ADDED ENTRY--PERSONAL NAME
Personal name Schlechtriem, Peter,
Dates associated with a name 1933-2007.
906 ## - LOCAL DATA ELEMENT F, LDF (RLIN)
a 7
b cbc
c pccadap
d 2
e ncip
f 20
g y-gencatlg
942 ## - ADDED ENTRY ELEMENTS (KOHA)
Source of classification or shelving scheme Dewey Decimal Classification
Koha item type BOOKs
Holdings
Withdrawn status Lost status Damaged status Not for loan Home library Current library Shelving location Date acquired Cost, normal purchase price Total Checkouts Full call number Barcode Date last seen Price effective from Koha item type Public note
        NLS NLS NAB Compactor 30/05/2017 17235.00   341.754 SCH 23897 30/05/2017 30/05/2017 BOOKs Kept in the NAB Compactor